One Direction's US Top 10 Hits - Statistics

General Stats
  • This quiz has been taken 52 times
  • The average score is 5 of 6
Answer Stats
Hint Answer % Correct
Up All Night What Makes You Beautiful
96%
Made In The A.M. Drag Me Down
82%
Midnight Memories Story Of My Life
80%
Made In The A.M. Perfect
73%
Take Me Home Live While We're Young
71%
Midnight Memories Best Song Ever
69%
No matching quizzes found
Score Distribution
Percent of People with Each Score
Percentile by Number Answered
Your Score History
You have not taken this quiz